| 000 | 00853nam a2200253Ia 4500 | ||
|---|---|---|---|
| 003 | GCL | ||
| 008 | 140319s9999 xx 000 0 ara d | ||
| 040 |
_aGCL / _cGCL |
||
| 082 | 0 | 4 |
_aق _b962.06 _bع ا |
| 100 | 1 | _aعبدالمنعم عبدالرؤوف | |
| 245 | 1 | 0 |
_aارغمت فاروق على التنازل عن العرش مذكرات عبد المنعم عبد الرؤوف / _cعبدالمنعم عبدالرؤوف |
| 260 |
_a[S.N] : _bالزهراء للاعلام العربى ، _c1989 |
||
| 300 | _a366 ص | ||
| 490 | _a | ||
| 650 | 0 | 4 | _aمصر |
| 650 | 0 | 4 | _aتاريخ |
| 650 | 0 | 4 | _aثورة 23 يوليو 1952 |
| 650 | 0 | 4 | _aالجيش المصرى |
| 650 | 0 | 4 | _aالملك فاروق |
| 650 | 0 | 4 | _aمحمد نجيب |
| 650 | 0 | 4 | _aالاخوان المسلمون |
| 650 | 0 | 4 | _aجمال عبدالناصر |
| 942 |
_2ddc _cBK |
||
| 999 |
_c52895 _d52895 |
||